000
00247nam a22001097a 4500
005
20230724124624.0
008
230724b |||||||| |||| 00| 0 eng d
245
_a
READER,S DIGEST
260
_c
2023
650
_a
MONTHLY MAGAZINE
_9
7862
942
_c
JRL
999
_c
8327
_d
8325